Candidats à l'élection présidentielle portugaise de 2026 - Statistiques

Statistiques générales
  • Ce quiz a été pris 2 fois
  • Le résultat moyen est 3 sur 11
Statistiques - réponses
Parti Candidats % de voix
1er tour
% de voix
2nd tour
% Correct
Chega André Ventura 23,52 33.37
100%
Parti socialiste Antonio José Seguro 31,12 66,63
50%
Bloc de gauche Catarina Martins 2,06
50%
Parti social-démocrate Luis Marques Mendes 11,30
50%
Indépendant André Pestana 0,19
0%
Parti communisteportugais António Filipe 1,64
0%
Indépendant Henrique Gouveina e Melo 12,32
0%
Indépendant Humberto Correira 0,08
0%
Initiative libérale João Cotrim Figueiredo 16,01
0%
Libre Jorge Pinto 0,68
0%
Indépendant Manuel João Vieira 1,08
0%
Aucun quiz correspondant
Distribution des résultats
% des personnes avec chaque résultat
Percentile par nombre de réponses
Votre historique - résultats
Vous n’avez pas pris ce quiz